ბათუმის შოთა რუსთაველის სახელმწიფო უნივერსიტეტის ბიბლიოთეკა

Antikensammlung II-III : (ბიბ.ჩანაწერი № 60693)

000 -LEADER
fixed length control field 00769nam a22001937a 4500
005 - DATE AND TIME OF LATEST TRANSACTION
control field 20231009171321.0
008 - FIXED-LENGTH DATA ELEMENTS--GENERAL INFORMATION
fixed length control field 231009s1985 gw ||||| |||| 00| 0 ger d
041 ## - LANGUAGE CODE
Language code of text/sound track or separate title ger
080 ## - UNIVERSAL DECIMAL CLASSIFICATION NUMBER
Universal Decimal Classification number 069 K-89
100 ## - MAIN ENTRY--PERSONAL NAME
Personal name Kunze, Max
9 (RLIN) 20042
245 ## - TITLE STATEMENT
Title Antikensammlung II-III :
Remainder of title Der altar von Pergamon. Hellenistische und römische Architektur
Statement of responsibility, etc. Kunze, Max - Kastner, Volker.
264 ## - PRODUCTION, PUBLICATION, DISTRIBUTION, MANUFACTURE, AND COPYRIGHT NOTICE
Place of production, publication, distribution, manufacture Berlin,
Date of production, publication, distribution, manufacture, or copyright notice 1985.
300 ## - PHYSICAL DESCRIPTION
Extent 96 p.:
Other physical details ill.;
Dimensions 23 cm.
653 ## - INDEX TERM--UNCONTROLLED
keyword პერგამონის საკურთხეველი
653 ## - INDEX TERM--UNCONTROLLED
keyword სიძველეთა კოლექცია
653 ## - INDEX TERM--UNCONTROLLED
keyword ელინისტური და რომაული არქიტექტურა
700 ## - ADDED ENTRY--PERSONAL NAME
Personal name Kastner, Volker
Relator term ავტორი
9 (RLIN) 20043
942 ## - ADDED ENTRY ELEMENTS (KOHA)
Source of classification or shelving scheme
Koha item type წიგნი
ეგზემპლარები
Withdrawn status Lost status Source of classification or shelving scheme Damaged status Not for loan Permanent Location Current Location Shelving location Date acquired Cost, normal purchase price Full call number Barcode Date last seen Copy number Uniform Resource Identifier Price effective from Koha item type Public note
          ბათუმის შოთა რუსთაველის სახელმწიფო უნივერსიტეტის მთავარი ბიბლიოთეკა ბათუმის შოთა რუსთაველის სახელმწიფო უნივერსიტეტის მთავარი ბიბლიოთეკა წიგნსაცავი 2023-10-09 6.00 069 K-89 65296 2023-10-09 65296 ბსუ-ს საპატიო დოქტორის გურამ ლორთქიფანიძის საჩუქარი 2023-10-09 წიგნი 5 ლ.